000 00532nam a2200169Ia 4500
008 090123s9999 xx 000 0 und d
082 _b478
100 _aकालेलकर मधुसूदन
245 _aअपराध मीच केला
250 _a0
300 _a112
600 _aकालेलकर मधुसूदन
630 _aअपराध मीच केला
700 _aकालेलकर मधुसूदन
730 _aअपराध मीच केला
942 _cBOOK
999 _c38566
_d38566